Mak̲h̲t̤ūt̤āt-i tārīk̲h̲i. (Record no. 80943)
[ view plain ]
| 000 -LEADER | |
|---|---|
| fixed length control field | 00611cam a22002291 4500 |
| 001 - CONTROL NUMBER | |
| control field | sa 68005764 |
| 003 - CONTROL NUMBER IDENTIFIER | |
| control field | DLC |
| 005 - DATE AND TIME OF LATEST TRANSACTION | |
| control field | 20260227112511.0 |
| 008 - FIXED-LENGTH DATA ELEMENTS--GENERAL INFORMATION | |
| fixed length control field | 900126s1967 pk bc 000 0 urdr |
| 010 ## - LIBRARY OF CONGRESS CONTROL NUMBER | |
| LC control number | sa 68005764 |
| 035 ## - SYSTEM CONTROL NUMBER | |
| System control number | (OCoLC)20962837 |
| 040 ## - CATALOGING SOURCE | |
| Original cataloging agency | DLC |
| Transcribing agency | WaU |
| Modifying agency | DLC |
| 042 ## - AUTHENTICATION CODE | |
| Authentication code | premarc |
| 050 00 - LIBRARY OF CONGRESS CALL NUMBER | |
| Classification number | Z6605.I5 |
| Item number | Q2 |
| 100 1# - MAIN ENTRY--PERSONAL NAME | |
| Personal name | Qādirī, Shamsullāh. |
| 245 10 - TITLE STATEMENT | |
| Title | Mak̲h̲t̤ūt̤āt-i tārīk̲h̲i. |
| 260 ## - PUBLICATION, DISTRIBUTION, ETC. | |
| Place of publication, distribution, etc. | Karachi, |
| Date of publication, distribution, etc. | [1967] |
| 300 ## - PHYSICAL DESCRIPTION | |
| Extent | 48 p. |
| Dimensions | 22 cm. unbd. |
| 500 ## - GENERAL NOTE | |
| General note | In Urdu. |
| 504 ## - BIBLIOGRAPHY, ETC. NOTE | |
| Bibliography, etc. note | Bibliographical footnotes. |
| 650 #0 - SUBJECT ADDED ENTRY--TOPICAL TERM | |
| Topical term or geographic name entry element | Manuscripts, Indic |
| General subdivision | Catalogs |
| Form subdivision | Bibliography. |
No items available.